000 00253nam a22001097a 4500
008 170116b xxu||||| |||| 00| 0 eng d
020 _a0763744373
041 _aeng
080 _a618.2
245 _aEVIDENCE-BASED PRACTICE
_cSCHMIDT, N.A
942 _2udc
_cBK
999 _c2951
_d2951